Normal view
MARC view
- الرسائل العربية - تاريخ ونقد
Entry Topical Term
001 - CONTROL NUMBER
- control field: 38177
003 - CONTROL NUMBER IDENTIFIER
- control field: JO-AjAnu
005 - DATE AND TIME OF LATEST TRANSACTION
- control field: 20230606080347.0
008 - FIXED-LENGTH DATA ELEMENTS
- fixed length control field: 230606|| aca||aabn | a|a d
040 ## - CATALOGING SOURCE
- Original cataloging agency: JO-AjAnu
- Transcribing agency: JO-AjAnu
150 ## - HEADING--TOPICAL TERM
- Topical term or geographic name entry element: الرسائل العربية - تاريخ ونقد
670 ## - SOURCE DATA FOUND
- Source citation: Work cat.: (JO-AjAnu)19585: شرح وتحقيق كيلاني، كامل ؛ مراجعة لجنة إحياء التراث العربي, author 38176, رسالة الهناء للشاعر الفيلسوف أبي العلاء المعري